Statistics for Win the Chinese Election

Click here to take the quiz!

General Stats

  • This quiz has been taken 3,171 times
    (895 since last reset)
  • The average score is 182 of 500

Answers on the Map

Answers color-coded by a green-red scale on the quiz's map according to % correct below.
 

Answer Stats

#Province% Correct
9Beijing
79%
10Shanghai
70%
40Guangdong
68%
25Hebei
51%
33Shandong
46%
20Hubei
45%
28Sichuan
43%
32Henan
41%
3Tibet
41%
22Hunan
39%
6Tianjin
37%
28Jiangsu
36%
9Inner Mongolia
33%
13Shanxi
33%
10Xinjiang Uyghur
32%
22Zhejiang
31%
15Fujian
30%
16Yunnan
28%
17Guangxi
27%
21Anhui
26%
14Shaanxi
25%
3Hong Kong
24%
12Chongqing
23%
5Hainan
21%
5Hainan
20%
12Heilongjiang
20%
15Liaoning
18%
10Gansu
16%
16Jiangxi
15%
9Jilin
14%
3Macau
12%
14Guizhou
9%
4Qinghai
7%
4Ningxia
5%

Score Distribution

Percentile by Number Answered

Percent of People with Each Score

Your Score History

You have not taken this quiz since the last reset